Histoire et royauté commençant par la lettre C - Statistiques

Statistiques générales
  • Ce quiz a été pris 59 fois
  • Le résultat moyen est 12 sur 20
Statistiques - réponses
Indice Réponse % Correct
Entourage et lieu de résidence du monarque et ses proches. Cour Royale
96%
Roi des Francs, couronné en l’an 800. Charlemagne
94%
Dernière reine d'Égypte antique, célèbre pour ses relations avec Jules César et Marc Antoine. Cléopatre
90%
Pèlerinages armés, souvent entrepris par des rois ou des nobles européens à partir du XIe siècle. Croisades
88%
Symbole de pouvoir et de souveraineté. Couronne
86%
Organisation de 56 États, majoritairement d'anciens territoires de l'Empire britannique. Commonwealth
84%
“Imperator” assassiné aux ides de mars. César
78%
Premier Premier ministre de la reine Elisabeth II. Churchill
78%
Surnom de ce fameux Richard. Coeur de lion
76%
Mariages entre membres de la même famille, souvent au sein de la royauté. Consanguinité
64%
Premier roi de la dynastie des Capétiens. Capet
60%
Titre noble, souvent vassal d'un roi ou empereur. Comte
60%
Peuples indo-européens anciens, dont l’un des rois était Vercingétorix. Celtes
54%
Animal de compagnie de la reine Elizabeth II. Corgi
48%
"La Grande" de Russie. Catherine II
46%
“Lord Protecteur” lors de la révolution anglaise. Cromwell
40%
Dernier roi Habsbourg d'Espagne, famille célèbre pour avoir pratiqué cette dernière. Charles II
26%
Grande Duchesse du Luxembourg. Charlotte
20%
Dernier roi de Grèce, renversé par la “dictature des colonels” en 1973. Constantin II
20%
Assassin du roi de France Henri III. Clément
16%
Aucun quiz correspondant
Distribution des résultats
% des personnes avec chaque résultat
Percentile par nombre de réponses
Votre historique - résultats
Vous n’avez pas pris ce quiz